|
|
|
|
| LEADER |
00645nab a2200193 i 4500 |
| 001 |
tisza20804 |
| 005 |
20200331091831.0 |
| 008 |
170321s2010 hu o 0|| hun d |
| 022 |
|
|
|a 0133-1167
|
| 040 |
|
|
|a SZTE Tiszatáj Archívum
|b hun
|
| 041 |
|
|
|a hun
|
| 100 |
1 |
|
|a Halmai Tamás
|
| 245 |
1 |
0 |
|a Szélén a szédületnek
|h [elektronikus dokumentum] :
|b Kiss Anna: Szélörvények /
|c Halmai Tamás
|
| 260 |
|
|
|c 2010
|
| 300 |
|
|
|a 103-105
|
| 490 |
0 |
|
|a Tiszatáj
|v 64 No. 9
|
| 695 |
|
|
|a Magyar irodalom - vers - könyvismertetés
|
| 700 |
0 |
1 |
|a Kiss Anna
|
| 856 |
4 |
0 |
|u http://tiszataj.bibl.u-szeged.hu/20804/1/tiszataj_2010_009_103-105.pdf
|z Dokumentum-elérés
|